000 00762nam a2200205 a 4500
999 _c2446
_d2446
001 2446
003 BD-JhCC
005 20220330134021.0
008 171102s1998 bg ||||| |||| 00| 0 ben d
035 _a(BD-JhCC)
040 _aBD-JhCC
_dBD-JhCC
041 _aben
082 _a891.4409
_bRAH 1998
100 _aরহমান, মোহাম্মদ সিদ্দিকুর
245 _aপ্রমথ চৌধুরী বাংলাভাষা ও পদ্যচিন্তা /
_cমোহাম্মদ সিদ্দিকুর রহমান
260 _aঢাকা :
_bবাংলা একাডেমী ;
_c১৯৯৮
300 _a১০২ পৃ. ;
_c২২ সেমি
650 _aBengli Literature
942 _2ddc
_cBK
_04